| 000 | 00478nam a2200181 a 4500 | ||
|---|---|---|---|
| 001 | 1769943200989 | ||
| 003 | YourLibrary | ||
| 005 | 20260201164118.0 | ||
| 008 | 260201s2009##################000#0#eng## | ||
| 020 | _a9781848851221 | ||
| 082 | 0 | 4 |
_a302.2343 _bRIC |
| 100 | 1 |
_aRichards, Jeffrey, _eauthor. |
|
| 245 | 1 | 0 | _aThe Age of the Dream Palace : |
| 260 |
_bI.B. Tauris, _c2009. |
||
| 650 | 0 | _aPerforming Arts. | |
| 942 | _cENGLISH | ||
| 040 |
_aYourLibrary _beng _cYourLibrary |
||
| 999 |
_c609903 _d609903 |
||